000 00558nam a2200181Ia 4500
005 20250508150543.0
008 008 250505s9999 xx 000 0 eng d
037 _aBooks to be hide in OPAC
040 _aFEDL
_beng
_cFEDL
041 _aeng
_2eng
084 _a370.954, IND/O
_qFEDL
245 0 _aReports of the committee appointed by the central advisory board of education in India (1938-43)
245 0 _cIndia. Bureau of Education
260 _c1946
300 _a134p.
942 _cHB
_h370.954, IND/O
999 _c1324227
_d1324227